000
00339nam a2200145Ia 4500
008
230718s9999 xx 000 0 und d
041
_a
Eng.
082
_a
346.07
_b
MAS-W
100
_a
Massising Neil
245
0
_a
West's legal environment
260
_a
Pakistan
_b
Sweel and Maxwell
_c
1996
300
_a
89
650
_a
Law
999
_c
26387
_d
26387